000 00761nam a2200241 i 4500
001 16686
003 ES-MaACL
005 20250715193706.0
007 t|
008 001025s1998 sp ||||1| spa d
020 _a84-89753-07-5
080 _a821.112.2-23"19"
100 1 _aWeiss, Peter.
_9116409
245 1 0 _aDe cómo el señor Mockinpott consiguió liberarse de sus padecimientos ; y Noche de huéspedes /
_cPeter Weiss ; versión de Alfonso Sastre.
260 _aHondarribia :
_bHiru,
_c[1998]
300 _a175 p. ;
_c18 cm.
490 1 _aTeatro ;
_v51
700 1 _aSastre, Alfonso,
_d1926-
_9103915
740 0 _aNoche de huéspedes.
830 0 _aTeatro ;
_v51
_9178026
852 _aES-MaACL
_jL-23751
_bR.128767
999 _c16686
_d16686